| 000 | 00675nam a2200217 i 4500 | ||
|---|---|---|---|
| 001 | 85389 | ||
| 003 | ES-MaACL | ||
| 005 | 20240125063136.0 | ||
| 007 | t| | ||
| 008 | 041126s1986 xxk ||||1| spa d | ||
| 020 | _a0-586-04475-2 | ||
| 100 | 1 |
_aJoyce, James, _d1882-1941 _967077 |
|
| 245 | 1 | 2 |
_aA portrait of the artist as a young man / _cJames Joyce ; with six drawings by Robin Jacques. |
| 260 |
_aLondon : _bGrafton Books, _c1986. |
||
| 300 |
_a229 p. : _bil ; _c18 cm. |
||
| 490 | 1 | _aTriad-Panther books | |
| 700 | 1 |
_aJacques, Robin. _965881 |
|
| 830 | 0 |
_aTriad-Panther books _9183642 |
|
| 852 |
_aES-MaACL _jL-10920 _bR.112740 |
||
| 999 |
_c85389 _d85389 |
||